Zákon o akciových společnostech Zákon o státním podniku

Gespeichert in:
Bibliographische Detailangaben
Format: Buch
Sprache:Tschechisch
Veröffentlicht: Praha PEEX 1990
Ausgabe:1. vyd.
Schriftenreihe:Hospodářské zákony Sv.1
Tags: Tag hinzufügen
Keine Tags, Fügen Sie das erste Tag hinzu!

MARC

LEADER 00000nam a2200000 4500
001 c033654
005 20221215121105.8
041 0 |a cze 
044 |a CZ 
245 1 0 |a Zákon o akciových společnostech  |b Zákon o státním podniku 
250 |a 1. vyd. 
264 1 |a Praha  |b PEEX  |c 1990 
300 |a 56 s. 
490 1 |a Hospodářské zákony  |v Sv.1 
830 0 |a Hospodářské zákony  |v Sv.1